00737nam a22002057a 4500008004100000020001800041050002200059100003400081245015500115250001200270260004600282300002800328521005100356650001800407700002000425700002100445700002000466700002600486700001900512170119b xxu||||| |||| 00| 0 eng d a9780205697410 aN 5300 b.J3 2007 aDavies, Penelope J. E.d2007. aJanson's history of art:bThe middle ages/cPenelope J. E. Davies, David L. Simon, Walter B. Denny, Ann M. Roberts,Frima Fox Hofrichter, Joseph Jacobs a7th ed. aUpper Saddle River:bPrentice Hallc2007. aix,467p.:bill.;c28cm. aIncludes bibliographical references and index. aArt- history. aSimon, David L. aDenny, Walter B. aRoberts, Ann M. aHofrichter, Frima Fox aJacobs, Joseph